Efekty liberalizácie trhu služieb v SR: kvantifikácia bariér pomocou metódy indexu

Hodnotenie efektov liberalizácie služieb. Kvantifikácia bariér pomocou metódy indexu. Úrovne hierarchickej štruktúry indexu. Bariéry v obchode so službami. Meranie miery reštrikcií podľa domáceho a zahraničného indexu.

Na minha lista:
Detalhes bibliográficos
Autor principal: Vančíková, Jana
Formato: Capítulo de Livro
Idioma:eslovaco
Assuntos:
Tags: Adicionar Tag
Sem tags, seja o primeiro a adicionar uma tag!

MARC

LEADER 00000naa$a2200000$$$4500
001 0051430
005 20240502071612.5
041 0 |a slo 
044 |a SK 
245 1 0 |a Efekty liberalizácie trhu služieb v SR: kvantifikácia bariér pomocou metódy indexu  |c Jana Vančíková 
520 |a Hodnotenie efektov liberalizácie služieb. Kvantifikácia bariér pomocou metódy indexu. Úrovne hierarchickej štruktúry indexu. Bariéry v obchode so službami. Meranie miery reštrikcií podľa domáceho a zahraničného indexu. 
610 2 0 |a liberalizácia 
610 2 0 |a trh 
610 2 0 |a služby 
610 2 0 |a metódy indexné 
610 2 0 |a indexy 
100 1 |a Vančíková, Jana